000 00470nam a2200157Ia 4500
008 210716s1993 xx 000 0 und d
020 _a9780195087116
041 _aeng
082 _a174.4 SOLR
100 _aSolomon, Robert C.
245 _aEthics and excellence: cooperation and integrity in business.
_bCooperation and integrity in business.
250 _a1
260 _aNew York
_bOxford University Press
_c1993
300 _axiv,288
650 _aBusiness Ethics
999 _c206504
_d206504